01823nam a2200433 a 4500001001200000003000800012006001900020007001500039008004100054010001700095020004300112020003800155020002700193040002100220035002100241050002600262082001500288245015100303260005500454300001800509440005800527500003900585504005100624505014300675533015200818650004800970650003401018650004301052650002601095650001801121650001301139650001101152655002901163700001901192700001801211710001701229856012601246999001701372ebr10643256CaPaEBRm u cr cn|||||||||120607s2012 wau sb 001 0 eng d z 2012018866 z9780295992013 (hardcover : alk. paper) z9780295992020 (pbk. : alk. paper) z9780295804392 (e-book) aCaPaEBRcCaPaEBR a(OCoLC)82435359314aBL626.33b.E53 2012eb04a201/.522300aEncountering the strangerh[electronic resource] :ba Jewish-Christian-Muslim trialogue /cedited and introduced by Leonard Grob and John K. Roth. aSeattle :bUniversity of Washington Press,cc2012. axviii, 294 p. 0aStephen S. Weinstein series in post-Holocaust studies a"A Samuel and Althea Stroum Book." aIncludes bibliographical references and index.0 apt. 1. In the shadow of the Holocaust : safeguarding the stranger -- pt. 2. The "other" in scripture and tradition : valuing the stranger. aElectronic reproduction.bPalo Alto, Calif. :cebrary,d2013.nAvailable via World Wide Web.nAccess may be limited to ebrary affiliated libraries. 0aInterpersonal relationsxReligious aspects. 0aStrangersxReligious aspects. 0aOther (Philosophy)xReligious aspects. 0aReligionsxRelations. 0aChristianity. 0aJudaism. 0aIslam. 7aElectronic books.2local1 aGrob, Leonard.1 aRoth, John K.2 aebrary, Inc.40uhttp://site.ebrary.com/lib/rucke/Doc?id=10643256zAn electronic book accessible through the World Wide Web; click to view c44462d44462